[Event "FIDE Women's World Rapid Chess Champion"]
[Site "Chess.com"]
[Date "2021.12.26"]
[Round "2"]
[White "Nomin Erdene, Davaademberel"]
[Black "Goryachkina, Aleksandra"]
[Result "0-1"]
[WhiteElo "2188"]
[BlackElo "2441"]
[EventDate "2021.??.??"]
[Annotator "Bojkov,Dejan"]
[PlyCount "68"]
[Beauty "8044205310547"]
[EventType "rapid"]

1.e4 e5 2.Nf3 Nc6 3.Bc4 Bc5 4.c3 Nf6 5.d4 {This is the most topical line in the Italian game nowadays!} 5...exd4 6.e5 d5 7.Bb5 Ne4 8.cxd4 Bb6 9.Nc3 O-O 10.Be3 Bg4 11.Qc2 ( {Prior to their match, Nepomniachtchi and Carlsen discussed the consequences of:} 11.h3 Bh5 12.Qc2 Nxc3 13.bxc3 f6 14.exf6 Qxf6 15.Be2 Na5 16.O-O Bxf3 17.Bxf3 c6 {with a draw later in Nepomniachtchi, I (2792)-Carlsen, M (2855) Stavanger 2021} ) 11...Nxc3 12.bxc3 f6 13.Bd3 $146 {This is a novelty, but it most likely will not attract too many followers.} ( {The predecessor was another top-GM game from this year that went:} 13.Bxc6 bxc6 14.exf6 Qxf6 15.Ne5 Bf5 16.Qa4 c5 {And then a forcing sequence:} 17.O-O cxd4 18.cxd4 c5 19.dxc5 Qxe5 20.cxb6 axb6 21.Qb4 Be4 22.Qxb6 Rf6 23.Qd4 Qxd4 24.Bxd4 Rfa6 {and led to an opposite-colored bishop ending and a draw later in Caruana,F (2806)-Svidler,P (2714) Saint Louis 2021} ) 13...Bxf3 {Goryachkina simply ignores the threat.} ( {The game move even deprives White of the additional choice:} 13...fxe5 14.Bxh7+ Kh8 15.Bg5 {Not that this is good for White, but still, why bother?} ) 14.Bxh7+ Kh8 15.gxf3 fxe5 {This is the thing- Black not only regains the pawn but has her king in a much safer position despite the missing h7 pawn.} 16.Rg1 ( {Alas, Nomin-Erdene cannot maintain control of the situation even after a desperate castling:} 16.O-O-O exd4 17.cxd4 Qh4 ) 16...Qh4 17.Bf5 {White is going for the enemy queen.} ( {The other way of doing it was:} 17.Bg6 exd4 18.Rg5 dxe3 19.Rh5+ Qxh5 20.Bxh5 exf2+ 21.Kf1 Ne5 {which is identical to the game, and practically changes nothing.} ) 17...exd4 18.Rg3 {The queen cannot be saved.} 18...dxe3 $1 {But Black does not intend to save it anyway.} 19.Rh3 exf2+ 20.Kf1 Qxh3+ 21.Bxh3 Ne5 {A rook, a knight and a couple of pawns are plenty of material compensation for the most powerful piece. On top of that, White's problem with her king was never solved and the f2-pawn is both ready to promote and willing to mate.} 22.Kg2 Nxf3 23.Qa4 ( {Or:} 23.Kh1 Rae8 ) 23...Rae8 24.Rf1 Re5 25.Kh1 c6 {Underlining the obvious, White's position is desperately weak.} ( {Not as accurate was:} 25...Rg5 26.Bg2 ) ( {However:} 25...Nd2 {was good enough.} ) 26.Bg2 Nd2 {The black pieces are too comfortable and that means more material losses for White.} 27.Qb4 Rf6 28.Qh4+ Kg8 29.Qg3 Re8 30.Rd1 f1=Q+ 31.Bxf1 Nxf1 32.Qh3 Ref8 33.Re1 Rh6 34.Qg2 Rxh2+ 0-1

[Event "FIDE World Blitz Chess Championship 202"]
[Site "Chess.com"]
[Date "2021.12.30"]
[Round "24"]
[White "Vachier Lagrave, Maxime"]
[Black "Duda, Jan Krzysztof"]
[Result "1-0"]
[WhiteElo "2761"]
[BlackElo "2760"]
[EventDate "2021.??.??"]
[Annotator "Bojkov,Dejan"]
[PlyCount "98"]
[Beauty "7012205202952"]
[EventType "blitz"]

1.e4 e5 2.Nf3 Nc6 3.Bb5 a6 4.Ba4 Nf6 5.O-O Be7 6.d3 b5 7.Bb3 d6 8.a3 {This is a line which Vachier-Lagrave successfully applied against Aronian at the World Cup in Tbilisi 2017.} 8...O-O 9.Nc3 Nb8 {Duda chooses a Breyer-like set up in return.} ( {Black could not equalize in the fresh top-GM game after} 9...Be6 10.Ne2 d5 11.Ng3 h6 12.Bd2 Re8 13.Bc3 Bd6 14.Re1 Qd7 15.exd5 Bxd5 16.Ne4 Nxe4 17.dxe4 Be6 18.Bxe6 Qxe6 19.Qd5 {Shankland,S (2708)-Le,Q (2709) Kolkata 2021} ) 10.Bd2 $5 {Modest, yet reasonable reply.} 10...Nbd7 11.a4 b4 12.Nd5 a5 {[#]} 13.c3 $146 {Up to today, this was a novelty. And after today's mini-match, it may be a deeply explored direction.} ( {The predecessor saw exciting battle after} 13.Be3 c6 14.Nxe7+ Qxe7 15.Nh4 Nc5 16.Bxc5 dxc5 17.f4 Ng4 18.Qe1 c4 19.Bxc4 Qa7+ 20.Kh1 Ne3 21.f5 Nxf1 22.Qxf1 Qe7 {with unclear play in Hovhannisyan,R (2634)-Halkias,S (2552) Skopje 2019} ) 13...bxc3 14.Bxc3 {Next, the question is if White will be able to fix his better pawn-structure or if his opponent will be able to trade a bunch of pawns before that. Curiously, pretty much the same structure was seen in one of the recent WCC games, rightly labeled as most 'precise game.'} 14...Nc5 15.Nxf6+ Bxf6 16.Bd5 Ra7 {So far, obvious moves.} 17.Qc2 {A novelty, after the novelty. Kudos to Vachier-Lagrave who quickly figured out what might be most unpleasant for his opponent. He passes the ball to the opponent's court and lets him make a serious decision in a blitz-game. Quite a mean approach!} ( {Their first match game saw scenario two happening (Black trading a bunch of pawns) after} 17.d4 exd4 18.Nxd4 Bd7 {It should be added that Duda literally blitzed these moves, and was obviously very well prepared. After} 19.Qc2 Qe8 20.Nb3 Nxb3 21.Qxb3 Bxc3 22.Qxc3 c6 23.Qd4 Rb7 24.Ba2 Be6 25.Qxd6 Bxa2 26.Rxa2 Qxe4 {The game ended in a draw later. Vachier-Lagrave,M (2787)-Duda,J (2792) FIDE World Blitz Chess Championship 2021} ) 17...Bg4 {And the Polish GM commits an inaccuracy at once!} ( {Correct seemed} 17...Ne6 $5 {when Black does not need to fear} 18.Bxe6 Bxe6 19.d4 exd4 20.Nxd4 Bxd4 21.Bxd4 c5 {with approximate equality.} ) 18.d4 $1 {Now this is stronger than before.} 18...exd4 ( {Not} 18...Bxf3 $2 19.dxc5 Bg4 20.c6 {when Black's queenside will soon collapse.} ) 19.Nxd4 Bd7 {The same positon from the previous game arose, with the slight difference that it is White to move!} 20.Nb5 ( {The other knight-jump was not as convincing} 20.Nc6 Bxc6 21.Bxc6 Bxc3 22.Qxc3 Ra6 {and Black looks solid enough.} ) ( {However} 20.Rfe1 $5 {looked good as well, mounting more pressure.} ) 20...Bxb5 {And this is a real mistake, after which the black knight loses stability.} ( {Black would have done better with} 20...Ra6 $1 {True, White can ignore the fork with} 21.b3 {as} 21...c6 {is well met with} ( {However} 21...Bxc3 22.Qxc3 Rb6 {looks OK for Black.} ) 22.Bxf7+ $1 Rxf7 23.Nxd6 {when White regains the material with interest.} ) 21.axb5 Bxc3 22.Qxc3 a4 {A needed move after the trade on b5.} 23.Qe3 ( {The immediate} 23.e5 $5 Qb8 24.Bc6 {was possible as well, and Vachier-Lagrave will return to this plan a bit later.} ) 23...Qb8 24.Bc6 Qb6 25.Rad1 $1 {The right rook to position in the center, as the other might be needed in case the center is open. The white bishop dominates the board, keeping both black rooks out of the game.} 25...Rb8 ( {The central break could not be stopped} 25...f6 26.f4 $1 ) 26.e5 $1 {Deprives the knight of its stable outpost.} 26...Ne6 {A desperate sacrifice, but Duda already had no choice.} ( {As} 26...dxe5 27.Qxe5 Ne6 28.Rd7 {would reveal the difference in the activity of the major pieces.} ) 27.Qxb6 Rxb6 28.exd6 cxd6 29.Rxd6 a3 30.bxa3 Rxa3 31.g3 {The extra pawn, superior rooks and still-much better minor piece is more than enough for Vachier-Lagrave to claim the world blitz title.} 31...g6 32.Rd7 Rb8 ( {Nothing changes} 32...Nc5 33.Re7 Kf8 34.Re8+ Kg7 35.Rd1 ) 33.Rb1 Rc3 ( {Or} 33...Nc5 34.Rc7 Rb3 35.Rxb3 Nxb3 36.Rb7 {and White should convert.} ) 34.Ra1 Nd8 35.Bd5 Kf8 36.Raa7 Rd3 37.Kg2 Kg7 38.Bc4 ( 38.b6 {would have sufficed too.} ) 38...Rxd7 39.Rxd7 Kf6 40.b6 Ne6 41.b7 g5 42.Bxe6 {The simplest. The white rook is too active.} 42...Kxe6 43.Rc7 h5 44.Kf3 f5 45.h4 Kd6 46.Rh7 gxh4 47.gxh4 Ke5 48.Ke3 Rd8 49.Rxh5 Kd5 1-0

[Event "FIDE World Rapid Chess Championship 202"]
[Site "Chess.com"]
[Date "2021.12.28"]
[Round "10"]
[White "Abdusattorov, Nodirbek"]
[Black "Carlsen, Magnus"]
[Result "1-0"]
[WhiteElo "2633"]
[BlackElo "2856"]
[EventDate "2021.??.??"]
[Annotator "Bojkov,Dejan"]
[PlyCount "165"]
[Beauty "5223569427476"]
[EventType "rapid"]

1.c4 {Abdusattorov has already build a serious fan mass, and he was closely following the footprints of Firouzja. Prior to this game he defeated three giants in a row— Aronian, Wojtaszek and Gelfand. But would he be able to stand the final exam, with the most rigorous professor?} 1...Nf6 2.Nc3 e5 3.Nf3 Nc6 4.e4 Bb4 5.d3 d6 6.a3 Bc5 7.b4 Bb6 {Carlsen is certainly following the games of his main rivals.} ( {Just a few days ago the following game took place.} 7...Bd4 8.Nxd4 Nxd4 9.Be3 c5 10.Be2 O-O 11.O-O Be6 12.Rb1 b6 13.f4 exf4 14.Bxd4 cxd4 15.Nb5 Nd7 16.Rxf4 Qg5 {with White having an edge in Caruana,F (2792)-Karjakin, S (2743) Baku 2021} ) 8.Na4 Bg4 {Black is ready to soften the d4-point as much as necessary.} 9.Nxb6 axb6 10.Bb2 Bxf3 11.Qxf3 {In return, White got the bishop pair. It does not count for much yet, but there is always a chance that the pawns will clash, and then disappear.} 11...Nd7 {This knight is also heading to the d4-square.} 12.g3 {Therefore, White fianchettoes the bishop.} 12...Qf6 ( {After} 12...Nf8 13.Bh3 {White can demolish the black knight just in time with} 13...Ne6 14.Bxe6 fxe6 15.Qh5+ g6 16.Qe2 {and gain better chances.} ) 13.Qd1 ( {The endgame looks fine for Black.} 13.Qxf6 Nxf6 14.h4 ) 13...Nf8 14.Bg2 ( {This time} 14.Bh3 {is not as convincing as before and Black is doing fine with} 14...Ne6 15.Bxe6 Qxe6 ( {Or} 15...fxe6 ) ) 14...Ne6 15.O-O g5 $1 {The f2-f4-break should be stopped at any cost. Plus, Carlsen prepares a kingside expansion, thanks to the solid pawn construction he has the necessary time for that.} 16.Bh3 $146 {A novelty.} ( {White did well in the predecessor:} 16.Bc3 h5 17.Ra2 Ke7 18.a4 h4 19.Bh3 Ncd4 20.Bg4 Rh6 21.Kg2 Qg6 22.h3 {Harutyunian,T (2480)-Beradze,I (2437) Lagodekhi 2016} ) 16...h5 {No time to hesitate; the world champion follows the predetermined path.} ( {Somewhat more solid is} 16...Ncd4 $5 17.Bxe6 Nxe6 {which keeps everything under control.} ) 17.Bxe6 Qxe6 18.b5 {The young Uzbek tries to disrupt the coordination in the opponent's camp before the break. The problem is that this pushes the knight towards another comfortable outpost.} ( {The immediate} 18.f4 $5 {might have been more appropriate, with roughly even game after} 18...gxf4 19.gxf4 Rg8+ 20.Kh1 O-O-O 21.f5 ) 18...Nb8 $1 {The best reaction. Castling is obstructed for a moment, but the knight would enjoy itself on the c5-square.} ( {The knight has no job on the rim.} 18...Na5 ) ( {And is hardly standing well on any other square, like} 18...Ne7 19.f4 ) 19.f4 gxf4 20.gxf4 Nd7 21.Kh1 ( {Black looks better than before in the line} 21.f5 Qf6 ) 21...Qg4 {Carlsen starts to grind his opponent.} ( {Also good seems} 21...Nc5 $5 22.Qf3 O-O-O ) 22.Qf3 ( {Sure enough, the endgame after} 22.Qxg4 $2 hxg4 23.Rg1 Rh4 {is not appealing for White at all.} ) 22...f6 23.Qe3 O-O-O 24.f5 ( {Another endgame like} 24.Rg1 Qxf4 25.Qxf4 exf4 26.Raf1 Ne5 {should not make Abdusattorov happy either.} ) 24...h4 25.Rg1 Qh5 26.Rg6 {For a moment, it seems as White is taking over the initiative and can exploit the open file, but this is only an illusion.} 26...Rdg8 27.Rag1 Rxg6 28.fxg6 {Now this pawn is in danger.} ( {Since after} 28.Rxg6 Nc5 {The threat of Qh5-d1 forces White to retreat with} 29.Rg1 h3 {and Black obviously is in charge.} ) 28...Rg8 29.g7 ( {More accurate was} 29.Qh3 Rxg6 30.Rxg6 Qxg6 31.Qxh4 {with a similar position to the one in the game.} ) 29...Qh7 {Carlsen quickly got rid of the passer, missing an even better way in the process.} ( {Strong was instead} 29...Nc5 $1 30.Qh3+ Kb8 31.Bc1 Qh7 {with large advantage for the second player.} ) 30.Qh3 $1 {Keeping the pawn parity.} 30...Rxg7 31.Rxg7 Qxg7 32.Qxh4 Nc5 {Black is a little better in the endgame thanks to his more favorable piece pair, however the white ouside passer should not be underestimated.} 33.Bc1 c6 ( 33...Nxd3 $4 34.Qh3+ {often happens when low on time.} ) 34.bxc6 bxc6 35.Qh3+ Kb7 36.Qf3 {Next, both players skillfully maneuver with their kings in order to improve them to the maximum.} 36...Qh7 37.Bd2 Ka6 38.Kg2 Qg7+ 39.Kf1 Qh7 40.h3 d5 41.Qf5 Qg8 {It is Black's turn to avoid the trades.} ( {The bishop becomes a master and a commander when fighting the knight, thus} 41...Qxf5+ $6 42.exf5 Nxd3 $2 43.cxd5 cxd5 44.h4 $1 {strongly favors White.} ) 42.cxd5 cxd5 43.exd5 Qxd5 44.Ke2 {Solid, solid!} ( {Also avoiding the trick} 44.Qxf6 $2 Qxd3+ 45.Ke1 Qxd2+ $1 46.Kxd2 Ne4+ ) 44...Kb5 45.Be3 $1 Qg2+ 46.Bf2 Ka4 {That is the maximum Carlsen could extract from the position.} 47.h4 ( {There was nothing wrong with} 47.Qxf6 {as Black does not need to fear} 47...Qxh3 {due to} 48.Qc6+ Kxa3 49.Bxc5+ bxc5 50.Qxc5+ Kb3 51.Qxe5 ) 47...e4 ( 47...Qd5 $5 ) 48.dxe4 Nxe4 49.Qf3 $1 {Once again repeating his kind offer to swap off the queens.} 49...Qg6 $1 {Which is again rejected.} 50.h5 Qe8 {A nasty ambush in the time-scramble.} 51.Be3 f5 {And a miss by the world champion.} ( 51...Qxh5 $1 {would have won the dangerous pawn instead. True, this would led to a draw after} 52.Qxh5 Ng3+ 53.Kf3 Nxh5 54.Bxb6 ) 52.h6 Qe5 53.Kf1 Qd5 54.Kg2 Qg8+ 55.Kh3 Ng5+ {Now White gets a chance to grind.} ( 55...Qg6 $5 {might have been more in the spirit of the positon, and should be equal.} ) 56.Bxg5 Qxg5 57.Qc6+ Kxa3 58.Qc3+ {A perpetual there is!} 58...Ka4 59.Qc4+ Ka5 60.Qc3+ Ka4 61.Qg7 $1 {But there is also a good chance to play with no risk against the world champion, for the full point. And Abdusattorov plays for the maximum, just like Carlsen would have done himself!} 61...Qe3+ 62.Kh4 f4 {This pawn would only obstruct the checks.} ( {Has Carlsen had some more time on the clock, he had chosen instead} 62...b5 63.h7 Qe4+ 64.Kh5 Qh1+ 65.Kg6 Qg2+ 66.Kf7 Qd5+ {with a perpetual.} ) 63.Qd7+ b5 64.h7 Qe5 ( {Stronger was} 64...Qg1 $1 {with a draw.} ) 65.Kg4 {Instinctively moving the king closer to the pawns, but this misses a chance.} ( {The study-like} 65.Qd1+ $3 {Would have lured the black king onto a bad square} 65...Ka3 {after after} 66.Qd8 Qe1+ 67.Kg5 Qe5+ 68.Kg6 Qe4+ 69.Kg7 Qg2+ 70.Kf7 Qa2+ 71.Ke8 {White is winning as the can cover the checks on the e-file with countercheck from the e7-square!} ) ( {This is why} 65.Qd8 Qe1+ {is not as precise.} ) 65...f3 $1 {Now Black regains his perptual-check powers, but it ain't over yet.} 66.Kxf3 Qf6+ 67.Ke4 Qh4+ 68.Kd5 Qh5+ 69.Kc6 Qg6+ 70.Kc7 Qg3+ 71.Kb7 Qf3+ 72.Ka6 Qf6+ 73.Ka7 Qf2+ 74.Kb7 Qf3+ 75.Qc6 $1 Qf7+ 76.Qc7 Qf3+ 77.Ka6 Qa8+ ( {Avoiding} 77...Qf6+ 78.Qb6 ) 78.Kb6 Qh8 79.Qc2+ Ka3 80.Qd3+ Ka2 81.Kc5 ( 81.Qe4 $1 {might have been objectively stronger, but the move in the game turned to be more unpleasant for Black.} ) 81...b4 {As the world champion feels like he has enough time to bring this pawn into motion. Alas, this is a decisive blunder.} ( {Both} 81...Qc8+ ) ( {And} 81...Qf8+ {would have led to a perpetual check instead.} ) 82.Qd2+ Ka1 ( {There was no escape even after the most resilient} 82...Ka3 83.Qxb4+ Ka2 84.Qa4+ Kb1 85.Qe4+ Ka2 86.Kc4 $3 ) 83.Qd4+ {And the tournament became extremely exciting once again!} 1-0